Diccionario ilustrado Latino-Español, Español-Latino

Сохранить в:
Библиографические подробности
Формат:
Язык:испанский
латинский
Опубликовано: Barcelona Larousse 2012
Редактирование:23a. ed
Предметы:
Метки: Добавить метку
Нет меток, Требуется 1-ая метка записи!

MARC

LEADER 00000cam a2200000 a 4500
001 UCC9277
003 CL-VaPUC
005 20220504100557.0
008 190914e20120000sp |||||||||||||||||spa|d
999 |c 375470  |d 375468 
020 |a 9788471539168 
040 |c Pontificia Universidad Católica de Valparaíso 
041 0 7 |a spa  |2 CL-VaPUC 
041 0 7 |a lat  |2 CL-VaPUC 
082 0 4 |a 473.61  |b DIC  |2 21 
245 1 0 |a Diccionario ilustrado Latino-Español, Español-Latino 
250 |a 23a. ed 
260 |a Barcelona  |b Larousse  |c 2012 
300 |a 715 p 
500 |a Incluye apéndice con resumen de gramática latina 
583 |a last modification  |c 20190914 23:07:00  |k Rodrigo Vera 
650 0 |a Enseñanza del latín  |2 CL-VaPUC  |9 367682  |x Diccionarios 
942 |c BK  |2 ddc 
945 |d 20190914 23:07:00  |a dcastane 
952 |0 0  |1 0  |2 ddc  |3 erd  |4 0  |6 473_610000000000000_DIC_2012  |7 0  |8 R  |9 494455  |a BIBEDU  |b BIBEDU  |c MCIRC  |i 5600804  |l 74  |m 10  |o 473.61 DIC 2012  |p 5600804  |r 2025-04-25  |s 2025-04-23  |w 2019-11-24  |y BK_R  |z Catalogado en:20190914  |k FIL